000 00477nam a2200133Ia 4500
001 2985
008 241024s9999 xx 000 0 und d
082 _aRD/375.07/R426p/2013
100 _aRepública Dominicana. Ministerio de Educación, MINERD
245 0 _aProceso de revisión curricular. Síntesis general y resultados
260 _bViceministerio de Servicios Técnicos Pedagógicos. Dirección General de Curriculo
_c2013
901 _a9/7/2013 2:27:40 p.m.
999 _c8427
_d8427